000
00433nam a2200145Ia 4500
008
100204s9999 xx 000 0 und d
082
_b
2435
100
_a
सिनकर श्रीकांत
245
_a
चार्जशीट
260
_b
"दिलीप प्रकाशन , पुणे"
_c
1977
300
_a
183
630
_a
चार्जशीट
730
_a
चार्जशीट
942
_c
BOOK
999
_c
447522
_d
447519